| 000 | 00945nam a2200337 b 4500 | ||
|---|---|---|---|
| 001 | 0000601 | ||
| 003 | DO-SdBNP | ||
| 005 | 20230515104921.0 | ||
| 007 | 0000601 | ||
| 008 | 0506171998 mx spa | ||
| 017 |
_a _b |
||
| 020 | _a9681903811 | ||
| 035 | _a | ||
| 040 |
_aBPMSU _bspa _cBPMSU _e |
||
| 082 | 4 |
_aU861.44 _bB462i 2000 _222 |
|
| 100 | 1 |
_aBenedetti, Mario _d1920-2009 _942 |
|
| 245 | 1 | 0 |
_aInventario : _bpoesía completa (1986-1991) / _cMario Benedetti _h |
| 246 | 1 | 2 | _aInventario dos |
| 260 |
_aMéxico : _bAlfaguara, _c2000 |
||
| 300 |
_av p. ; _c19 cm |
||
| 490 | 0 | _aBiblioteca Mario Benedetti | |
| 490 | 1 | _aBolsillo | |
| 500 | _aIncluye datos biográficos del autor. | ||
| 500 | _a | ||
| 590 | _aInventariado, 2023/VM | ||
| 650 | 4 |
_aPoesía uruguaya _xVida cotidiana |
|
| 650 | 4 | _a Poesía amorosa | |
| 650 | 4 | _aLiteratura uruguaya | |
| 910 | _aYLOCKWARD/ VMateo V. Control de calidad (BPMSU) | ||
| 942 |
_2ddc _cBK |
||
| 999 |
_c11129 _d11129 |
||